000
nam a22 7a 4500
999
_c
54602
_d
54602
003
OSt
005
20220802154048.0
008
220802b xxu||||| |||| 00| 0 eng d
040
_c
IIMT UNIVERSITY
100
_a
TARGONSKI, ROSALIE
245
_a
OUT LINES OF U.S GOVERNMENT
260
_b
U.S.D.S
_c
1989
300
_a
122
942
_2
ddc
_c
09